000 00323nam a2200145Ia 4500
999 _c5599
_d5599
003 OSt
008 191201s2012 xx 000 0 und d
100 _aKRISHNAMOORTHY,CS
245 0 _aFinite Element Analysis
250 _aRep
260 _aN. delhi
_bTMH
_c2012
300 _a710
650 _aB.Tech(CE)
942 _2ddc
_cBK